| 000 | 00557cab a2200217 4500 | ||
|---|---|---|---|
| 001 | WB3408-44 | ||
| 008 | 090401t1998 xxu||||| |||| 00| 0 eng d | ||
| 035 | _a(Sirsi) u84597 | ||
| 041 | _aeng | ||
| 245 | _aUp from the pits | ||
| 260 | _c1998 | ||
| 350 | _a0 | ||
| 490 |
_aFinancial Times _v27 February 1998, 16(1) |
||
| 520 | _aOutlines the current projects to regenerate old coal mining areas. | ||
| 650 | _aCOAL MINES | ||
| 650 | _aCOAL MINING AREAS | ||
| 650 | _aMINING | ||
| 690 | _aURBAN REGENERATION | ||
| 942 | _n0 | ||
| 948 | _c27/02/1998 | ||
| 999 |
_c53179 _d53179 |
||